000 00426nam a2200145 i 4500
001 83771
003 ES-MaACL
005 20230906174905.0
007 t|
008 041118s1935 fr ||||1| fre d
245 0 0 _aVarietes d'Histoire litteraire de Methodologie et de critique d'Humeur /
_cHenri Jacoubet.
260 _aParis :
_b[s.n.],
_c1935 (
_fLouis Jean Gap.)
300 _a290 p. ;
_c22 cm.
852 _aES-MaACL
_jA-3850
999 _c83771
_d83771